01899 2200481 4500001002100000005001500021035002000036008004100056020001500097041000800112082001400120084002000134100001900154245007600173250001300249260003600262300003300298504001500331520047500346650005000821650004500871650002100916990002400937990002400961990002400985990002401009990002401033990002401057990002401081990002401105990002401129990002401153990002401177990002401201990002401225990002401249990002401273990002401297990002401321990002401345990002401369990002401393INLIS00000000000868120221111121143 a0010-0520008681221111 | | ind  a9798767217 aind a364.153 2 a364.153 2 LED k0 aLeden Marpaung1 aKejahatan Terhadap Kesusilaan dan Masalah Prevensinya /cLeden Marpaung aCet.ke-3 aJakarta :bSinar Grafika,c2008 ax, 130 p. ; 21 cm. ;c21 cm. ap. 129-130 aKejahatan terhadap kesusilaan hampir selalu mendapat perhatian masyarakat karena disamping penderitaan yang dialami korban terutama penderita kejiwaan yang akan berlangsung lama tetapi juga disebabkan masalah yang berkaitan dengan norma-norma kesusilaan. Masalah kesusilaan ini amat peka menyentuh perasaan keadilan masyarakat. Buku ini membahas tentang delik kesusilaan sebagai referensi bagi aparat penegak hukum, dan merupakan informasi yang berharga bagi masyarakat. 4aPornography - Law and legislation - Indonesia 4aPornography - Social aspects - Indonesia 4aRape - Indonesia a17719/MKRI-P/X-2010 a17720/MKRI-P/X-2010 a17721/MKRI-P/X-2010 a17722/MKRI-P/X-2010 a17721/MKRI-P/X-2010 a17719/MKRI-P/X-2010 a17720/MKRI-P/X-2010 a17722/MKRI-P/X-2010 a17722/MKRI-P/X-2010 a17719/MKRI-P/X-2010 a17720/MKRI-P/X-2010 a17721/MKRI-P/X-2010 a17720/MKRI-P/X-2010 a17719/MKRI-P/X-2010 a17721/MKRI-P/X-2010 a17722/MKRI-P/X-2010 a17719/MKRI-P/X-2010 a17720/MKRI-P/X-2010 a17721/MKRI-P/X-2010 a17722/MKRI-P/X-2010